¿Qué es una constitución? / (Record no. 89581)

MARC details
000 -LEADER
campo de control de longitud fija 00990nam a2200277 i 4500
001 - NÚMERO DE CONTROL
campo de control 89581
003 - IDENTIFICADOR DE NÚMERO DE CONTROL
campo de control ES-MaACL
005 - FECHA Y HORA DE LA ÚLTIMA TRANSACCIÓN
campo de control 20250905123711.0
007 - CAMPO FIJO DE DESCRIPCIÓN FÍSICA--INFORMACIÓN GENERAL
campo de control de longitud fija t|
008 - DATOS DE LONGITUD FIJA--INFORMACIÓN GENERAL
campo de control de longitud fija 050111s1931 sp ||||1| spa d
080 ## - NÚMERO DE LA CLASIFICACIÓN DECIMAL UNIVERSAL
Número de la Clasificación Decimal Universal 342.4
080 ## - NÚMERO DE LA CLASIFICACIÓN DECIMAL UNIVERSAL
Número de la Clasificación Decimal Universal 94(431)"1815/70"
100 1# - ENTRADA PRINCIPAL--NOMBRE DE PERSONA
Nombre de persona Lassalle, Ferdinand.
9 (RLIN) 128724
245 11 - MENCIÓN DEL TÍTULO
Título ¿Qué es una constitución? /
Mención de responsabilidad, etc. Ferdinand Lassalle ; con una introducción histórica de Franz Mehring ; traducción del alemán y prólogo de W. Roces.
260 ## - PUBLICACIÓN, DISTRIBUCIÓN, ETC.
Lugar de publicación, distribución, etc. Madrid :
Nombre del editor, distribuidor, etc. Cenit,
Fecha de publicación, distribución, etc. 1931 (
Fabricante Argis)
300 ## - DESCRIPCIÓN FÍSICA
Extensión 156 p. ;
Dimensiones 18 cm.
490 1# - MENCIÓN DE SERIE
Mención de serie Panorama
594 ## - Nota al título y mención de responsabilidad
Nota al título y mención de responsabilidad Recoge 2 conferencias pronunciadas por el autor prusiano, publ. en Berlín en 1862.
650 #7 - PUNTO DE ACCESO ADICIONAL DE MATERIA--TÉRMINO DE MATERIA
Término de materia o nombre geográfico como elemento de entrada Derecho constitucional
Fuente del encabezamiento o término embne
9 (RLIN) 11680
651 #4 - PUNTO DE ACCESO ADICIONAL DE MATERIA--NOMBRE GEOGRÁFICO
Nombre geográfico Prusia-
Subdivisión general Historia-
Subdivisión cronológica 1815-1870.
9 (RLIN) 172524
700 0# - ENTRADA AGREGADA--NOMBRE PERSONAL
Nombre de persona Mehring, Franz,
Fechas asociadas al nombre 1846-1919
9 (RLIN) 79820
700 1# - ENTRADA AGREGADA--NOMBRE PERSONAL
Nombre de persona Roces, Wenceslao,
Fechas asociadas al nombre 1897-1992
9 (RLIN) 98039
830 1# - PUNTO DE ACCESO ADICIONAL DE SERIE-TÍTULO UNIFORME
Título uniforme Panorama
9 (RLIN) 181571
852 ## - LOCALIZACIÓN
Ubicación ES-MaACL
Número de control de estantería B-12626
Holdings
Estatus retirado Estado de pérdida Estado de daño No para préstamo Biblioteca de origen Biblioteca actual Ubicación en estantería Fecha de adquisición Fuente de adquisición Total de préstamos Signatura topográfica completa Código de barras Visto por última vez Precio de reemplazo Tipo de ítem Koha
        Biblioteca del Ateneo de Madrid Biblioteca del Ateneo de Madrid Sala Pardo Bazán 17/01/2008     B-12626 1093556 23/02/2023 23/02/2023 Libro impreso